000 00760nam a2200241 i 4500
001 25738
003 ES-MaACL
005 20250805063227.0
007 t|
008 030102s1967 sp ||||1| spa d
100 0 _aAristóteles
_922861
245 1 0 _aCompendio de toda la Philosophia natural /
_cde Aristóteles ; traduzida (sic) en metro castellano (Stella 1547) Fray Canales.
250 _aEd. facs.
260 _aCieza :
_b[s.n.,
_c1967] (
_fArt. Gráf. Soler)
300 _a58 p. ;
_c25 cm.
490 1 _aEl ayre de la almena
655 7 _2tgfbne
_9226495
_aFacsímiles
700 1 _aFray Canales.
_952396
830 0 _aEl ayre de la almena
_9183709
852 _aES-MaACL
_jC-33950
_bR.64394
942 _2udc
999 _c25738
_d25738